Medallero de los Juegos Olímpicos - Voleibol - Estadísticas

Estadísticas generales
  • Esta prueba ha sido intentada 55 veces
  • La puntuación promedio es 11 de 16
Estadísticas de respuestas
Total Oro Plata Bronce Paísolimpica % Correcto
11 4 3 4 Estados Unidos
100%
11 5 4 2 Brasil
96%
6 3 1 2 China
94%
6 0 3 3 Italia
94%
6 1 3 2 Rusia
92%
9 3 3 3 Japón
90%
2 0 2 0 Alemania Oriental
82%
2 0 0 2 Argentina
82%
3 1 0 2 Polonia
69%
12 7 4 1 Unión Soviética
59%
2 1 1 0 Países Bajos
57%
2 0 1 1 Serbia
53%
2 1 0 1 Yugoslavia
53%
5 3 0 2 Cuba
39%
2 0 1 1 Bulgaria
37%
2 0 1 1 Checoslovaquia
24%
No se encontraron pruebas coincidentes
Distribución de puntuación
Porcentaje de gente con cada puntuación
Porcentaje por número respondido
Historial de tus puntuaciones
No has intentado esta prueba.